000 00957nam a2200289Ia 4500
003 OSt
005 20220928122611.0
006 a|||||r|||| 00| 0
007 ta
008 220927b |||||||| |||| 00| 0 eng d
020 _c2693.7600000000002
024 _a116183
037 _b110, 31/07/2012, Classic Book Service
_cTextual
040 _aSDCL
_cSDCL
_beng
041 _2eng
_aeng
082 _aW:f, Q1
100 _aDruckman James N Ed.
_9458582
245 0 _aCambridge handbook of experimental political science.
260 _aCambridge
_bCUP
_c2011
300 _axiv,562p
_ccm.
650 _aPolitical Science
700 _a Green Donald P Ed.
_9458583
700 _a Kuklinski James H Ed.
_9415194
700 _a Lupia Arthur Ed.
_9458584
942 _hW:f, Q1
_cTEXL
_2CC
999 _c771980
_d771980